000 00499 a2200169 4500
003 Nust
005 20170207153559.0
040 _cNust
082 _a005.1
100 _aKhaliq, Ayesha BESE-13
245 _aNetwork Police (Hard / Soft-copy)
_bTraffic Identification for Segregation & Analysis of Suspicious Encrypted VoIP Traffic -Grey Traffic
_cAyesha Khaliq,
260 _aMCS
_cJuly 2011
300 _ax, 67 p
538 _aAlmirah No 71 Shelf No 6
650 _aUG Projects
651 _aUG CS Project
942 _cTHS
999 _c189224
_d189224